000 01351nam a2200361Ia 4500
999 _c54303
_d54303
001 21359
003 GE_BSU
005 20210922160306.0
008 181216s2017||||ru |||||||||||||| ||rus||
020 _a9785971038894
040 _cGE_BSU
041 _ageo
080 _a94(532)+32 Д-64
100 _aДолгов, Б. В.
_912522
245 _aФеномен "Арабской Весны" 2011-2016 гг. Причины, Развитие, Перспективы :
_bТунис. Египет. Ливия. Сирия. Алжи
_cБ. В. Долгов ; Отв. ред. И. Д. Звягельская.
264 _aМосква,
_bЛЕНАНД,
_c2017.
300 _a196 стр. ;
_c22 см.
504 _aБиблиогр. стр. : 192-195
541 _h42 Л.
653 _aИстория
653 _aПолитика
653 _aТунис
653 _aЕгипет
653 _aЛивия
653 _aСирия
653 _aАлжир
653 _aФеномен "Арабской Весны" 2011-2016 гг. Причины, Развитие, Перспективы
653 _aისტორია
653 _aპოლიტიკა
700 _aЗвягельская, И. Д.
_eОтв. ред.
_912523
710 _aРАН
_eИнститут востоковедения
_912524
942 _cBK
_2udc